| Tag |
First Indicator |
Second Indicator |
Subfields |
| LEADER |
00000cam a2200000 a 4500 |
| 001 |
in00002025708 |
| 005 |
20151031173648.0 |
| 008 |
031003s2004 enka b 001 0 eng |
| 010 |
|
|
|a 2003062700
|
| 020 |
|
|
|a 0826461379
|
| 035 |
|
|
|a (OCoLC)ocm53183275
|
| 040 |
|
|
|a DLC
|c DLC
|d TXA
|d UtOrBLW
|
| 043 |
|
|
|a a-cc---
|a e-uk---
|
| 049 |
|
|
|a TXAM
|
| 050 |
0 |
0 |
|a PR3109.C6
|b L485 2004
|
| 082 |
0 |
0 |
|a 822.3/3
|2 22
|
| 100 |
1 |
|
|a Levith, Murray J.
|
| 245 |
1 |
0 |
|a Shakespeare in China /
|c Murray J. Levith.
|
| 264 |
|
1 |
|a London ;
|a New York :
|b Continuum,
|c 2004.
|
| 300 |
|
|
|a xv, 156 pages :
|b illustrations ;
|c 23 cm.
|
| 336 |
|
|
|a text
|b txt
|2 rdacontent
|
| 337 |
|
|
|a unmediated
|b n
|2 rdamedia
|
| 338 |
|
|
|a volume
|b nc
|2 rdacarrier
|
| 504 |
|
|
|a Includes bibliographical references (pages [139]-146) and index.
|
| 505 |
0 |
|
|a The early history of Shakespeare in China -- Shakespeare and Mao, 1 October 1949-1966 -- The great proletariat cultural revolution -- After the cultural revolution, 1976-2000 -- Shakespeare in Hong Kong and Taiwan -- Shakespeare and Confucius -- The paradox of Shakespeare in the new China.
|
| 600 |
1 |
0 |
|a Shakespeare, William,
|d 1564-1616
|x Stage history
|z China.
|
| 600 |
1 |
0 |
|a Shakespeare, William,
|d 1564-1616
|x Translations into Chinese
|x History and criticism.
|
| 600 |
1 |
0 |
|a Shakespeare, William,
|d 1564-1616
|x Appreciation
|z China.
|
| 650 |
|
0 |
|a Theater
|z China
|x History.
|
| 948 |
|
|
|a cataloged
|b h
|c 2005/5/6
|d c
|e dmitchel
|f 12:50:40 pm
|
| 994 |
|
|
|a C0
|b TXA
|
| 999 |
|
|
|a MARS
|
| 999 |
f |
f |
|s 3fc8152c-1a54-39df-a9a8-f51de93aa925
|i 0f9496d3-a338-3223-b9ff-52f708a14ded
|t 0
|
| 952 |
f |
f |
|p normal
|a Texas A&M University
|b College Station
|c Sterling C. Evans Library
|d Evans: Library Stacks
|t 0
|e PR3109.C6 L485 2004
|h Library of Congress classification
|i unmediated -- volume
|m A14833784583
|
| 998 |
f |
f |
|a PR3109.C6 L485 2004
|t 0
|l Evans: Library Stacks
|